LEADER 01312nam a2200289 a 4500 001 000000149006 003 CaOOAMICUS 005 20160202092644.0 008 160202s2015 gw u000 u ger r 020 $a9783451022685* 032 $aLibriCat 040 $aPUL$bita 245 04$aDie Rolle der Theologie in der Kirche : $bdie Debatte über das Dokument der Theologenkommission /$cHrsg. von Thomas Söding. 260 $aFreiburg ;$aBasel ;$aWien :$bHerder,$cİ2015. 300 $a296 p. ;$c23 cm. 490 1 $aQuaestiones disputatae ;$v268 504 $aBibliografia in nota. 650 4$aTeologia$xStudi.$0(OLS)http://pul/subject/36481 700 1 $aSöding, Thomas,$d1956-$0(OLS)http://pul/name/58781 830 0$aQuaestiones disputatae (Herder) ;$v268.$0(OLS)http://pul/title/18243 850 $aPUL 852 $aPUL$W1$xSL Religione 2$y84$mTheol A6 268$j171701$qStampati Altre Collocazioni$B173235$CPULBib$Z2$F173235 $H126953 $81 941 1 $a10 996 $6020$a9783451022685*$9(OLS)http://pul/number/159505 996 $6245$aDie Rolle der Theologie in der Kirche : $bdie Debatte über das Dokument der Theologenkommission$9(OLS)http://pul/title/187886 996 $6260$aFreiburg ;$aBasel ;$aWien :$bHerder$9(OLS)http://pul/publisher/48104 LEADER 01615namaa2200373 i 4500 001 000000177785 003 CaOOAMICUS 005 20250526122338.0 007 tu 008 250526s2023 it b 000 u eng r 020 $a978-81-964249-1-6* 040 $aPUL$bita$erda 082 0 $a282 100 1 $aKochadampallil, Mathew,$eautore.$0(OLS)http://pul/name/114400 245 10$aJurisdiction extension in 1955 : $brequests and reports /$cMathew Kochadampallil . 264 4$cİ2023. 264 1$aKottayam :$bOriental Institute of Religious Studies,$c[2023] 300 $a359 pagine :$bcarte geografiche ;$c22 cm 336 $atesto$btxt$2rdacontent 337 $asenza mediazione$bn$2rdamedia 338 $avolume$bnc$2rdacarrier 490 1 $aOriental Institute of religious studies India ;$v487 504 $aBibliografia: pagine 357-359. 610 24$aChiesa siro-malabarese.$0(OLS)http://pul/subject/44987 830 0$aOriental Institute of religious studies ;$v487.$0(OLS)http://pul/title/89315 850 $aPUL 852 $aPUL$W1$xSL Religione 3$y85$m282 KOCMA 1$j201706$qDDC 21$B206757$CPULBib$Z2$F206757 $H137711 $82 941 1 $a9 996 $6020$a978-81-964249-1-6*$9(OLS)http://pul/number/170376 996 $6082$a282$9(OLS)http://pul/classification/103 996 $6245$aJurisdiction extension in 1955 : $brequests and reports$9(OLS)http://pul/title/219327 996 $6264$aKottayam :$bOriental Institute of Religious Studies$9(OLS)http://pul/publisher/71680 996 $6264$a[S.l.] :$b[s.n.]$9(OLS)http://pul/publisher/0